00554 2200181 4500001002100000005001700021008004100038035002500079040001200104082001400116084001700130245012400147260003000271300002200301650001900323850001200342990001800354INLIS00000000001415920150929145427.0  a0010-091500000002672 aYOPDYOG 223a371.3 aBR 371.3 Pen aSOAL-SOAL dan pembahasan UN/UAS SD tahun 2008-2014 (Matematika, Bahasa Indonesia, IPA,IPS,PKN)b: Volume braille : 5/23 a[s.l]bYrama Widyac[s.a] a70 hlm.c; 35 cm. aUjian Nasional aYOPDYOG a24488-PD/B.15